Billboard Hot 100 #1 Hits of 1981 - Statistics

General Stats
  • This quiz has been taken 19 times
  • The average score is 33 of 52
Answer Stats
Issue Date #1 Hit Artist % Correct
February 21 9 To 5 Dolly Parton
88%
March 14 9 To 5 Dolly Parton
88%
May 2 Morning Train (Nine To Five) Sheena Easton
88%
May 9 Morning Train (Nine To Five) Sheena Easton
88%
November 21 Physical Olivia Newton-John
88%
November 28 Physical Olivia Newton-John
88%
December 5 Physical Olivia Newton-John
88%
December 12 Physical Olivia Newton-John
88%
December 19 Physical Olivia Newton-John
88%
December 26 Physical Olivia Newton-John
88%
February 7 Celebration Kool & the Gang
81%
February 14 Celebration Kool & the Gang
81%
August 15 Endless Love Diana Ross & Lionel Richie
81%
August 22 Endless Love Diana Ross & Lionel Richie
81%
August 29 Endless Love Diana Ross & Lionel Richie
81%
September 5 Endless Love Diana Ross & Lionel Richie
81%
September 12 Endless Love Diana Ross & Lionel Richie
81%
September 19 Endless Love Diana Ross & Lionel Richie
81%
September 26 Endless Love Diana Ross & Lionel Richie
81%
October 3 Endless Love Diana Ross & Lionel Richie
81%
October 10 Endless Love Diana Ross & Lionel Richie
81%
May 16 Bette Davis Eyes Kim Carnes
75%
May 23 Bette Davis Eyes Kim Carnes
75%
May 30 Bette Davis Eyes Kim Carnes
75%
June 6 Bette Davis Eyes Kim Carnes
75%
June 13 Bette Davis Eyes Kim Carnes
75%
June 27 Bette Davis Eyes Kim Carnes
75%
July 4 Bette Davis Eyes Kim Carnes
75%
July 11 Bette Davis Eyes Kim Carnes
75%
July 18 Bette Davis Eyes Kim Carnes
75%
August 1 Jessie's Girl Rick Springfield
63%
August 8 Jessie's Girl Rick Springfield
63%
October 17 Arthur's Theme (Best That You Can Do) Christopher Cross
50%
October 24 Arthur's Theme (Best That You Can Do) Christopher Cross
50%
October 31 Arthur's Theme (Best That You Can Do) Christopher Cross
50%
February 28 I Love A Rainy Night Eddie Rabbitt
44%
March 7 I Love A Rainy Night Eddie Rabbitt
44%
January 3 (Just Like) Starting Over John Lennon
44%
January 10 (Just Like) Starting Over John Lennon
44%
January 17 (Just Like) Starting Over John Lennon
44%
January 24 (Just Like) Starting Over John Lennon
44%
March 28 Rapture Blondie
44%
April 4 Rapture Blondie
44%
March 21 Keep On Loving You REO Speedwagon
38%
June 20 Stars On 45 Stars On 45
38%
January 31 The Tide Is High Blondie
38%
November 7 Private Eyes Daryl Hall and John Oates
31%
November 14 Private Eyes Daryl Hall and John Oates
31%
April 11 Kiss On My List Daryl Hall and John Oates
25%
April 18 Kiss On My List Daryl Hall and John Oates
25%
April 25 Kiss On My List Daryl Hall and John Oates
25%
July 25 The One That You Love Air Supply
19%
No matching quizzes found
Score Distribution
Percent of People with Each Score
Percentile by Number Answered
Your Score History
You have not taken this quiz